| 000 | 00561nam a2200181Ia 4500 | ||
|---|---|---|---|
| 008 | 100917s9999 xx 000 0 und d | ||
| 082 | _b49232 | ||
| 100 | _aअंतरकर बा. ल. - अनु. | ||
| 245 | _aरूबायत# उमरखय्याम | ||
| 260 |
_bहंस प्रकाशन _c1971 |
||
| 300 | _a24 | ||
| 365 | _b2 | ||
| 520 | _aकविता | ||
| 630 | _aरूबायत# उमरखय्याम | ||
| 650 | _aकविता | ||
| 730 | _aरूबायत# उमरखय्याम | ||
| 942 | _cBOOK | ||
| 999 |
_c654626 _d654623 |
||